000 00540nam a2200133Ia 4500
008 160809s9999 xx 000 0 und d
100 _aAfolabi, Olusegun Emmanuel.
245 _aDOMESTIC VIOLENCE, RISKY FAMILY ENVIRONMENT AND CHILDREN: A BIO-PSYCHOLOGY PERSPECTIVE
245 _cOlusegun Emmanuel Afolabi University of Botswana.
260 _bInternational Journal of Special Education
260 _c2015
650 _xSPECIAL EDUCATION
856 _uhttp://www.internationaljournalofspecialed.com/docs/IJSE%20ENTIRE%20ISSUE%2030%202.pdf
999 _c300249
_d300249